00647nam a22002177a 450000500170000001000130001702000220003003500130005203700160006504000120008108200130009324500930010625000110019926000430021027000550025330000270030865000220033565000340035770000210039170000170041220170124110055.0 aA-414678 a0852263120c80.00 aA-414678 aCen Lib/Ret aDPLbEN a657bSTU aStudies in accounting theory /cedited by P. K.Ghosh, G. C.Maheshwari [and] R. N. Goyale a2nd ed aNew DelhibWiley Eastern Limitedc1990 a4835/24, Ansari Road, DaryaganjbNew Delhie110002 aviii, 503p. c20cm(Hb) aAccounting theory aElements of accounting theory aMaheshwari, G.C. aGoyale, R.N.